Statistics for Belgium 2018 World Cup Squad

Click here to take the quiz!

General Stats

  • This quiz has been taken 51 times
  • The average score is 15 of 23

Answer Stats

Squad NumberClubPositionPlayer% Correct
9Manchester UnitedForwardRomelu Lukaku
98%
1Real MadridGoalkeeperThibaut Courtois
93%
7Manchester CityMidfielderKevin De Bruyne
93%
10ChelseaForwardEden Hazard
93%
16Borussia MonchengladbachMidfielderThorgan Hazard
91%
4Manchester CityDefenderVincent Kompany
91%
14NapoliForwardDries Mertens
87%
6Borussia DortmundMidfielderAxel Witsel
83%
12LiverpoolGoalkeeperSimon Mignolet
80%
2Tottenham HotspurDefenderToby Alderweireld
78%
5Tottenham HotspurDefenderJan Vertonghen
76%
15Paris Saint-GermainDefenderThomas Meunier
67%
11Dalian YifangMidfielderYannick Carrasco
63%
3BarcelonaDefenderThomas Vermaelen
63%
8Shandong LunengMidfielderMarouane Fellaini
59%
13Vfl WolfsburgGoalkeeperKoen Casteels
57%
21Crystal Palace (loan)ForwardMichy Batshuayi
48%
18Real SociedadForwardAdnan Januzaj
46%
20CelticDefenderDedryck Boyata
35%
23Wolves (loan)Defender/MidfielderLeander Dendoncker
35%
22MonacoMidfielderNacer Chadli
33%
19Guangzhou R&FMidfielderMoussa Dembele
30%
17Leicester (loan)MidielderYouri Tielmans
11%

Score Distribution

Percentile by Number Answered

Percent of People with Each Score

Your Score History

You have not taken this quiz